Normal view
MARC view
- Nasir Mahmood
Entry Personal Name
001 - CONTROL NUMBER
- control field: 54771
003 - CONTROL NUMBER IDENTIFIER
- control field: NUST
005 - DATE AND TIME OF LATEST TRANSACTION
- control field: 20210421120034.0
008 - FIXED-LENGTH DATA ELEMENTS
- fixed length control field: 210421|| aca||aabn | a|a d
040 ## - CATALOGING SOURCE
- Original cataloging agency: NUST
- Transcribing agency: NUST
100 ## - HEADING--PERSONAL NAME
- Personal name: Nasir Mahmood
670 ## - SOURCE DATA FOUND
- Source citation: Work cat.: (NUST): Nasir Mahmood, Development of Nylon Based Polymer Nanocomposites Reinforced with Pristine and Functionalized Multi-Walled Carbon Nanotubes (MWCNTs), 2011
